Impact of the financial and debt crisis on EU energy security (focusing on renewable energy sources)
Salvato in:
| Autore principale: | |
|---|---|
| Altri autori: | |
| Natura: | Capitolo di libro |
| Lingua: | inglese |
| Soggetti: | |
| Tags: |
Nessun Tag, puoi essere il primo ad aggiungerne!!
|
MARC
| LEADER | 00000naa$a2200000$$$4500 | ||
|---|---|---|---|
| 001 | 0178186 | ||
| 005 | 20240502073030.0 | ||
| 041 | 0 | |a eng | |
| 044 | |a SK | ||
| 245 | 1 | 0 | |a Impact of the financial and debt crisis on EU energy security (focusing on renewable energy sources) |c Peter Baláž, Stanislav Zábojník |
| 610 | 2 | 0 | |a energetika |
| 610 | 2 | 0 | |a politika energetická |
| 610 | 2 | 0 | |a bezpečnosť energetická |
| 610 | 2 | 0 | |a zdroje energie obnoviteľné |
| 610 | 2 | 0 | |a kríza finančná |
| 610 | 2 | 0 | |a zadlženosť |
| 610 | 2 | 0 | |a Európska únia |
| 100 | 1 | |a Baláž, Peter | |
| 700 | 1 | |a Zábojník, Stanislav, 1984- | |